Sports Quiz

Random Sports or Baseball Quiz

Baseball Base Awards Quiz Stats

 Plays Quiz not verified by Sporcle

Score 0/19 Timer 02:00
0 Plays Today
Situation How many bases are awarded? % Correct
????
100%
????
98.6%
????
95.7%
????
95.7%
????
94.3%
????
92.9%
????
91.4%
????
90%
????
88.6%
????
85.7%
Situation How many bases are awarded? % Correct
????
84.3%
????
81.4%
????
80%
????
78.6%
????
75.7%
????
70%
????
70%
????
62.9%
????
55.7%

You're not logged in!

Compare scores with friends on all Sporcle quizzes.
OR
Log In

Show Comments

Extras

Top Quizzes Today


Score Distribution

Your Account Isn't Verified!

In order to create a playlist on Sporcle, you need to verify the email address you used during registration. Go to your Sporcle Settings to finish the process.

Report this User

Report this user for behavior that violates our Community Guidelines.

Details: